|
|
|
|
| LEADER |
00000nab a2200000 a 4500 |
| 001 |
vtls000567294 |
| 003 |
SK-MaSNL |
| 005 |
20260303215423.0 |
| 008 |
120929c1993 xo 0 cze |
| 015 |
|
|
|a SNBRA19rr/mm-uuuuu
|
| 035 |
|
|
|a CL0567432
|
| 040 |
|
|
|a SNKBUCL
|b slo
|c SNKBUCL
|e AACR2
|
| 041 |
0 |
|
|a cze
|
| 044 |
|
|
|a xo
|c SK
|
| 080 |
|
|
|a 659.23:159.9.072
|2 1981
|
| 080 |
|
|
|a 159.9.072
|2 1981
|
| 080 |
|
|
|a 331.548
|2 1981
|
| 100 |
1 |
|
|a Pokorný, Josef
|4 aut
|9 589652
|
| 245 |
1 |
0 |
|a Psychologické poradenství
|c Josef Pokorný
|
| 500 |
|
|
|a Čl. publikovaný aj v zborníku Personálny management a firemná stratégia. 1. časť (r. 1993)
|
| 650 |
0 |
7 |
|a psychologické poradenstvo
|2 snkbucl
|9 3806
|
| 650 |
0 |
7 |
|a profesiogramy
|2 snkbucl
|9 250572
|
| 655 |
|
7 |
|a články zo zborníkov
|2 snkbucl
|9 166140
|
| 773 |
0 |
|
|t Racionalizácia a normovanie práce
|d Žilina : Informa - vzdelávací servis, 1993
|g S. 95-117
|z 8085505029
|
| 850 |
|
|
|a Slovenská národná knižnica v Martine
|a MTA001
|
| 852 |
|
|
|a SNK
|b KIS3GCP
|
| 958 |
|
|
|a RK
|
| 992 |
|
|
|a RZB
|
| 999 |
|
|
|c 2221695
|d 2223625
|